Prontuario de Historia de España

Salvato in:
Dettagli Bibliografici
Autore principale: Terradillos, A.M. Autor
Natura: Sconosciuto
Lingua:spagnolo
Pubblicazione: París Sucesores de Hernando 1911
Edizione:22º
Catalogo:MANES:  Risultati della ricerca del catalogo della biblioteca
Libro di testo Classificazione:
Tags: Aggiungi Tag
Nessun Tag, puoi essere il primo ad aggiungerne!!
Aggiunto a:2016-04-26

MARC

LEADER 000000000a22000000004500
001 16324
003 OSt
008 160427s sp ||||| |||| 00| 0 spa d
041 1 |a spa 
040 |c centro_manes 
691 7 |a PRI 
691 0 |a SE 
100 1 |a Terradillos, A.M.  |b Autor  |9 11820 
245 0 0 |a Prontuario de Historia de España 
250 |a 22º 
260 3 |a París  |b Sucesores de Hernando  |c 1911 
300 |a 141p  |c 16 * 11 cm 
500 |a Obra aprobada por el Consejo de Institución Pública. ILUSTRACIONES: Contiene unas ochos pequeñas efigies históricas en blanco y negro. ENCUADERNACIÓN: Cartoné. DESCRIPCIÓN CONTENIDO: Historia de España en método de catecismo para niños. PALABRAS CLAVE: Historia de España. NéMERO EJEMPLARES: 1. Nº TOPOGRÁFICO: 794. CONSERVACIÓN: Buena. 
690 0 |a HI 
942 |2 ddc  |c BK 
546 |a España 
999 |c 22293  |d 22293 
999 |c manes:22293  |d 22293